000 00822cam a22002174a 4500
001 12393512
005 20250531105917.0
008 010427s2001 miua b 001 0 eng
020 _a031023848X (hardcover : alk. paper)
020 _z9780310861461
_qebook
050 0 0 _aBV4501.2
_b.B592 2001
082 0 0 _a248.4
_221
100 1 _aBoa, Kenneth.
245 1 0 _aConformed to His image :
_bbiblical and practical approaches to spiritual formation /
_cKenneth Boa.
260 _aGrand Rapids, Mich. :
_bZondervan,,
_cc2001.
300 _a543 p. :
_bill. ;
_c24 cm.
650 0 _aSpiritual life
_xChristianity.
856 4 2 _3Publisher description
_uhttp://www.loc.gov/catdir/enhancements/fy0633/2001026319-d.html
856 4 1 _3Sample text
_uhttp://www.loc.gov/catdir/enhancements/fy0642/2001026319-s.html
942 _2lcc
_cBK
_n0
999 _c6090
_d6090